Jahuel

Guardat en:
Dades bibliogràfiques
Autor principal: Cuneo, Bruno (Autor)
Format: Llibre
Idioma:espanyol
Publicat: Santiago Alquimia Ediciones 2017
Edició:1a. ed
Col·lecció:Colección Ensayos con la Ceniza
Matèries:
Etiquetes: Afegir etiqueta
Sense etiquetes, Sigues el primer a etiquetar aquest registre!

MARC

LEADER 00000cam a2200000 a 4500
001 UCC2883
003 CL-VaPUC
008 180323e20170000cl |||||||||||||||||spa|d
082 0 4 |a Ch861  |b CUN  |2 21 
100 0 |a Cuneo, Bruno  |e author  |9 596886 
245 1 0 |a Jahuel 
250 |a 1a. ed 
300 |a 54 p 
942 |c BK 
945 |d 20180323 15:33:00  |a arojas 
260 |a Santiago  |b Alquimia Ediciones  |c 2017 
650 0 |a Poesías chilenas   |9 265280 
650 0 |a Literatura chilena   |9 308278 
583 |a last modification  |c 20180323 15:33:00  |k Rodrigo Vera 
490 0 |a Colección Ensayos con la Ceniza 
999 |c 370796  |d 370794 
952 |0 0  |1 0  |3 erb  |4 0  |6 CH_861_000000000000000_CUN_2017  |7 0  |8 A  |9 487447  |a BIBART  |b BIBART  |i 5458811  |l 1  |o Ch861 CUN 2017  |p 5458811  |r 2025-03-13  |s 2023-09-06  |w 2019-11-24  |y BK  |z Catalogado en:20180323  |k ART 
952 |0 0  |1 0  |3 erb  |4 0  |6 CH_861_000000000000000_CUN_2017  |7 0  |8 A  |9 487448  |a BIBART  |b BIBART  |i 545882K  |l 1  |m 1  |o Ch861 CUN 2017  |p 545882K  |r 2025-03-13  |s 2024-09-13  |w 2019-11-24  |y BK  |z Catalogado en:20180323  |k ART